000 01565nam a2200265 a 4500
001 BRCA_8616
003 FranzMayer
005 20230724142845.0
008 230916s1773----sp-#######---#000-0#spa-#
040 _aMFM
_besp
_cMFM
041 _aspa
044 _asp
084 _aBE31
_b.S47 1773
245 1 0 _aSermones sobre varios asuntos
_btomo VII
_cescritos en francés y traducidos al castellano por don Nicolas de Labarre.
260 _aMadrid
_bEn la Oficina de Pantaleon Aznar
_c1773
300 _a[2], 276 p. (t.7)
_c21 x 15 cm.
500 _aEstado físico : Ciertas hojas presentan manchas
500 _aCon marca de fuego : ´Procedencia de la marca: Colegio Jesuita de San Francisco Xavier de la Ciudad de Querétaro(1). Institución: Provincia Mexicana de la Compañía de Jesús. Descripción: Iniciales S. Xr. Q. que se desata como S[an] X[avie]r [de] Q[uerétaro.]. Observaciones: A falta de un testimonio de pertenencia se hace la atribución de la marca en función a la realizada por David Saavedra Vega. Se espera localizar otro ejemplar que corrobore esta atribución. Ubicación de la marca en el libro: Canto superior´
505 0 _aContenido : t.7. Toma de habitos y professiones religiosas
650 1 4 _aSermones franceses
_ySiglo XVII - Obras anteriores a 1700
_921343
700 1 _aLabarre, Nicolás de
_etr.
_921530
856 _ahttp://www.marcasdefuego.buap.mx:8180/xmLibris/projects/firebrand/item.jsp?repository=marcas_de_fuego&key=marcas_de_fuego_marcas_de_fuego_20151006120916_4064.xml&num=5
902 _aCFM
942 _2lcc
_cB
999 _c8277
_d8277